1216 1328 1624 1132 1227 1282 1090 1744 1674 1426 1480 1524 1807 1728 1605 1581 1359 1799 1016 1275 1423 1515 1932 1540 1069 1479 1718 1891 1923 1321 1853 1348 1811 1195 1078 1070 1028 1015 1844 1566 1521 1462 1048 1764 1972 1498 1988 1036 1994 1626 1702 1574 1282 1692 1144 1037 1303 1906 1853 1323 1755 1648 1668 1541 1917 1735 1864 1350 1898 1271 1299 1709 1808 1955 1283 1484 1098 1780 1817 1429 1488 1352 1471 1498 1744 1412 1076 1645 1735 1545 1877 1054 1160 1742 1155 1710 1333 1996 1764 BCNSPRNW ULIB Ver.6.0+V

เปลี่ยนเป็นภาษาไทย

Change to English
 แสดงรายละเอียดบรรณานุกรม
  กลับหน้าหลัก

Brief Record : Get Marc (ISO 2709) : E-mail record : QR code < ปิดหน้าต่าง
LEADER : 00000nam 2200000uu 4500
001    13399120990
003     ULIB
008    121029s2549||||th 000 0 tha d
020    ^a9749713664
020    ^a9789749713662
050  4 ^aH61^bส263ส
100 0  ^aสมพงษ์ ดุลยอนุกิจ
245 10 ^aสังคมศาสตร์กับการพัฒนา /^cสมพงษ์ ดุลยอนุกิจ
250    ^aพิมพ์ครั้งที่ 1
260    ^aกรุงเทพฯ :^bโอเดียนสโตร์,^c2549
300    ^a231 หน้า ;^c24 ซม.
650  7 ^aการพัฒนาสังคม
650  7 ^aสังคมศาสตร์
945    ^p150^l0^i14890
945    ^p150^l0^i14851
995    ^aทศพร
999    ^aทศพร เกษรทอง
รายการนี้ยังไม่มีแท็ก
คุณยังไม่ได้ล็อกอิน คุณสามารถมีกิจกรรมร่วมกับเว็บไซต์ได้ แต่ต้องล็อกอินก่อน ::
  ล็อกอิน

รายการสื่อสารสนเทศ

ลำดับที่ ประเภท เลขเรียก/บาร์โค้ด สถานที่ สถานะ
1. วิทยาศาสตร์การแพทย์ และสุขภาพ
วิทยาศาสตร์การแพทย์ และสุขภาพ
H61 ส263ส ฉ.1 
  Barcode: 14890
ห้องสมุดวิทยาเขตสวรรค์ประชารักษ์
►หนังสือทั่วไป
บนชั้น
2. วิทยาศาสตร์การแพทย์ และสุขภาพ
วิทยาศาสตร์การแพทย์ และสุขภาพ
H61 ส263ส ฉ.2 
  Barcode: 14851
ห้องสมุดวิทยาเขตสวรรค์ประชารักษ์
►หนังสือทั่วไป
บนชั้น

รายการใกล้เคียง
    ผู้แต่ง [สมพงษ์ ดุลยอนุกิจ]

    หัวเรื่อง [การพัฒนาสังคม]
    หัวเรื่อง [สังคมศาสตร์]

BibComment


ยังไม่เคยถูกคอมเมนท์

คอมเมนท์ทรัพยากรรายการนี้
  คอมเมนท์: สังคมศาสตร์กับกา..


 Copyright 2026. Bcnsprnw @Library